| 000 -LEADER |
| fixed length control field |
00834nam a2200241Ia 4500 |
| 001 - CONTROL NUMBER |
| control field |
12089 |
| 003 - CONTROL NUMBER IDENTIFIER |
| control field |
GE_BSU |
| 005 - DATE AND TIME OF LATEST TRANSACTION |
| control field |
20221118162907.0 |
| 008 - FIXED-LENGTH DATA ELEMENTS--GENERAL INFORMATION |
| fixed length control field |
181216s2008en xx |||||||||||||| ||eng|| |
| 020 ## - INTERNATIONAL STANDARD BOOK NUMBER |
| International Standard Book Number |
9780757581090x |
| 040 ## - CATALOGING SOURCE |
| Transcribing agency |
GE_BSU |
| 041 ## - LANGUAGE CODE |
| Language code of text/sound track or separate title |
eng |
| 080 ## - UNIVERSAL DECIMAL CLASSIFICATION NUMBER |
| Universal Decimal Classification number |
658 C-69 |
| 100 ## - MAIN ENTRY--PERSONAL NAME |
| Personal name |
Collins, Calen R. |
| 9 (RLIN) |
15941 |
| 245 ## - TITLE STATEMENT |
| Title |
Hospitality Information Technology: |
| Remainder of title |
Learning How to Use It / |
| Statement of responsibility, etc. |
Calen R. Collins, Cobanoglu Cihan |
| 250 ## - EDITION STATEMENT |
| Edition statement |
6 edition |
| 264 ## - PRODUCTION, PUBLICATION, DISTRIBUTION, MANUFACTURE, AND COPYRIGHT NOTICE |
| Place of production, publication, distribution, manufacture |
USA : |
| Name of producer, publisher, distributor, manufacturer |
Kendall Hunt Publishing, |
| Date of production, publication, distribution, manufacture, or copyright notice |
2008. |
| 300 ## - PHYSICAL DESCRIPTION |
| Extent |
418 p.: |
| Other physical details |
ill.: |
| Dimensions |
24cm. |
| 653 ## - INDEX TERM--UNCONTROLLED |
| keyword |
Hospitality Information Technology: Learning How to Use It |
| 653 ## - INDEX TERM--UNCONTROLLED |
| keyword |
სტუმართმოყვარეობის საინფორმაციო ტექნოლოგიები |
| 700 ## - ADDED ENTRY--PERSONAL NAME |
| Personal name |
Cihan, Cobanoglu |
| 9 (RLIN) |
15942 |
| 942 ## - ADDED ENTRY ELEMENTS (KOHA) |
| Koha item type |
წიგნი |
| Source of classification or shelving scheme |
|